Get the Picture: Rhubarb or Strawberry Quiz Stats

 Plays Quiz Updated Oct 27, 2019

Score 0/12 Timer 02:00
7 Plays Today
Question Answer Wrong Answers
Jewel Strawberry
73.2%
Rhubarb
21%
Allstar Strawberry
67.6%
Rhubarb
26.2%
Ozark Beauty Strawberry
59.1%
Rhubarb
34.6%
Honeoye Strawberry
55.1%
Rhubarb
39.1%
Earliglow Strawberry
53.8%
Rhubarb
39.5%
Riverside Giant Rhubarb
53.4%
Strawberry
41.2%
German Wine Rhubarb
53.3%
Strawberry
40.6%
Sutton Rhubarb
49.8%
Strawberry
44.2%
Seascape Strawberry
46.3%
Rhubarb
47.6%
Canada Red Rhubarb
45.9%
Strawberry
48.2%
Mammoth Red Rhubarb
36.4%
Strawberry
58.3%
Large Victoria Rhubarb
35%
Strawberry
58.8%

Today's Daily Dose

You're not logged in!

Compare scores with friends on all Sporcle quizzes.
OR
Log In

Sporcle TV

Today on Sporcle TV


Watch our educational content, quiz creation guides, and fun videos on Sporcle TV.

Show Comments

Extras

Top Quizzes Today


Score Distribution

Your Account Isn't Verified!

In order to create a playlist on Sporcle, you need to verify the email address you used during registration. Go to your Sporcle Settings to finish the process.

Report this User

Report this user for behavior that violates our Community Guidelines.

Details: